| 000 | 00467nam a2200145Ia 4500 | ||
|---|---|---|---|
| 008 | 210716s2014 xx 000 0 und d | ||
| 020 | _a9789339213725 | ||
| 041 | _aeng | ||
| 082 | _a374.22 DAVD | ||
| 100 | _aDavis, Darryl. | ||
| 245 |
_aHow to design a life worth smiling about: developing success in business and in life. _bDeveloping success in business and in life. |
||
| 250 | _a1 | ||
| 260 |
_aNew Delhi _bMc Graw Hill Book Company _c2014 |
||
| 300 | _axix;232 | ||
| 999 |
_c209383 _d209383 |
||